Estadísticas para Prueba de Austria

Haz click aquí para tomar la prueba!

Estadísticas generales

  • Esta prueba ha sido tomada 1.503 veces
  • La puntuación promedio es 10 de 22

Estadísticas de respuestas

PistaRespuesta% Correcto
Las ciudades más grandesViena
99%
Idioma oficialAlemán
96%
Compositor de "La Flauta Mágica"Wolfgang Amadeus
Mozart
79%
El río más largoDanubio
75%
La ciudad donde nacióSalzburgo
72%
Famoso psicoanalistaSigmund Freud
70%
Nombre de Austria en ese idiomaÖsterreich
58%
Baile de salónVals
57%
Dinastía reinante más largaHabsburgo
42%
Ciudad anfitriona de las OlimpiadasInnsbruck
42%
El noble rango de Francisco FernandoArchiduque
41%
Emperador de Austria, 1848-1916Francisco José
41%
Deporte nacionalEsquí alpino
40%
El campeón marcado de F1 que apareció en la película "Rush"Niki Lauda
37%
Famoso culturistaArnold Schwarzenegger
35%
Las ciudades más grandesGraz
34%
Pasteles dulces a menudo rellenos de manzanaStrudel
28%
Las ciudades más grandesLinz
27%
Flor nacionalEdelweiss
22%
La chuleta de ternera frita, llamada así por la capitalWiener Schnitzel
19%
Moneda anteriorChelín
17%
La montaña más altaGrossglockner
12%

Distribución de puntuación

Porcentaje por número respondido

Porcentaje de gente con cada puntuación

Historial de tus puntuaciones

No has tomado esta prueba